โ›ช๐Ÿบ Trappist Beer - Sudden Death - Statistics

General Stats
  • This quiz has been taken 209 times
  • The average score is 4 of 12
Answers on the Grid
Answers color-coded by a green-red scale on the quiz's grid according to % correct below.
๐Ÿ‡ง๐Ÿ‡ช Achel
๐Ÿ‡ณ๐Ÿ‡ฑ Amstel
๐Ÿ‡ง๐Ÿ‡ช Chimay
๐Ÿ‡ง๐Ÿ‡ช Delirium
๐Ÿ‡ง๐Ÿ‡ช Duval
๐Ÿ‡ง๐Ÿ‡ช Gouden Carolus
๐Ÿ‡ณ๐Ÿ‡ฑ La Trappe
๐Ÿ‡ง๐Ÿ‡ช Leffe
๐Ÿ‡ง๐Ÿ‡ช Mort Subite
๐Ÿ‡ง๐Ÿ‡ช Orval
๐Ÿ‡ง๐Ÿ‡ช Rochefort
๐Ÿ‡บ๐Ÿ‡ธ Spencer
๐Ÿ‡ง๐Ÿ‡ช Stella Artois
๐Ÿ‡ฆ๐Ÿ‡น Stift Engelszell
๐Ÿ‡ฎ๐Ÿ‡น Tre Fontaine
๐Ÿ‡ง๐Ÿ‡ช Tripel Karmaliet
๐Ÿ‡ฌ๐Ÿ‡ง Tynt Meadow
๐Ÿ‡ง๐Ÿ‡ช Westmalle
๐Ÿ‡ฌ๐Ÿ‡ง Westons
๐Ÿ‡ง๐Ÿ‡ช Westvleteren
๐Ÿ‡ณ๐Ÿ‡ฑ Zundert
 
Answer Stats
Answer % Correct
๐Ÿ‡ง๐Ÿ‡ช Chimay
73%
๐Ÿ‡ณ๐Ÿ‡ฑ La Trappe
57%
๐Ÿ‡ง๐Ÿ‡ช Westmalle
48%
๐Ÿ‡ง๐Ÿ‡ช Orval
42%
๐Ÿ‡ง๐Ÿ‡ช Westvleteren
41%
๐Ÿ‡ง๐Ÿ‡ช Achel
37%
๐Ÿ‡ง๐Ÿ‡ช Rochefort
35%
๐Ÿ‡ณ๐Ÿ‡ฑ Zundert
24%
๐Ÿ‡ฎ๐Ÿ‡น Tre Fontaine
23%
๐Ÿ‡บ๐Ÿ‡ธ Spencer
20%
๐Ÿ‡ฆ๐Ÿ‡น Stift Engelszell
18%
๐Ÿ‡ฌ๐Ÿ‡ง Tynt Meadow
18%
No matching quizzes found
Score Distribution
Percent of People with Each Score
Percentile by Number Answered
Your Score History
You have not taken this quiz